Coupe du Monde 2022: Tous les matchs - Statistiques

Statistiques générales
  • Ce quiz a été pris 964 fois
  • Le résultat moyen est 28 sur 32
Statistiques - réponses
Réponse % Correct
France
98%
Argentine
97%
Angleterre
96%
Qatar
96%
Espagne
95%
Maroc
95%
Brésil
94%
Pays-Bas
94%
Portugal
94%
Allemagne
92%
Australie
92%
Croatie
92%
Etats-Unis
92%
Belgique
91%
Japon
91%
Pologne
91%
Sénégal
90%
Arabie Saoudite
89%
Danemark
89%
Tunisie
89%
Corée du Sud
88%
Equateur
88%
Canada
87%
Mexique
86%
Suisse
86%
Cameroun
83%
Iran
83%
Uruguay
83%
Costa Rica
79%
Ghana
76%
Serbie
76%
Pays de Galles
74%
Aucun quiz correspondant
Distribution des résultats
% des personnes avec chaque résultat
Percentile par nombre de réponses
Votre historique - résultats
Vous n’avez pas pris ce quiz